| 000 | 01849cmm a2200313 a 4500 | ||
|---|---|---|---|
| 003 | EG-GiCUC | ||
| 007 | co cga---uucuu | ||
| 008 | 201025s2015 sj a f b f100 0 ara d | ||
| 040 |
_aEG-GiCUC _bara _cEG-GiCUC |
||
| 092 | 0 | 4 |
_a001.42 _bM3452t _221 |
| 099 |
_a04 _a001.42 M3452t |
||
| 110 | 2 | _aالمركز القومى للبحوث | |
| 245 | 1 | 2 |
_aالتقانات الناضجة _h[مصدر الكترونى] / _cوزارة التعليم العالى و البحث العلمى |
| 246 | 3 | 1 | _aMature technologies |
| 260 |
_aالسودان : _bالمركز القومى للبحوث : _c2015 |
||
| 300 |
_a1 قرص ضوئى مليزر كمبيوتر : _b نا.: لو. ؛ _c 4 3/4 بو. |
||
| 521 | _aالجمهور العام | ||
| 538 | _a233 ميغاهرتز أو أعلى - بطاقة 32 MB VGA - - 32 MB رام بطاقة الصوت متوافق مع ويندوز - برامج التشغيل CD Room Driver 32X أو أعلى - ويندوز 95: 98: 200: ME: أو X | ||
| 538 | _a233 MHZ or Higher - 32 MB Ram - 32 MB VGA Card - Sound Card Compatible with Windows - CD Room Driver 32x or Higher - Windows 95, 98, 200, ME, or XP. | ||
| 538 | _a233 MHZ or higher - 32 MB Ram - 32 MBVGA Card - Sound Card Combatible with Windows - CD Room Driver 32x or higher - Windows 95 - 90 - 2000 - or XP. | ||
| 538 | _aامكانية التشغيل على MP3, CD Rom. | ||
| 538 | _aمتطلبات التشغيل : جهاز كمبيوتر (pentium) متوافق مع Ibm: مشغل اقراص ليزر CD-ROM سرعتة x 40 شاشة دقة 800 x 600 ؛ windows 98/ME/XP: 64 ميجابت: كارت شاشة 24 بت و كارت صوت + سماعات. | ||
| 650 | 7 |
_aالبحث العلمى _2qrmak |
|
| 650 | 7 |
_aالبحث _2qrmak |
|
| 902 | _a1 | ||
| 905 |
_aحنان _eمدخل |
||
| 905 |
_aغاده _eمراجع |
||
| 942 |
_2ddc _cBK |
||
| 999 |
_c157785 _d157785 |
||